00379 a2200145 4500003000400000005001700004008004100021020001800062040000900080082001700089100002100106245006200127260003000189300001400219OSt20210623114228.0210623b ||||| |||| 00| 0 eng d a9788131712979 coclc a612.8bCAR/F aCarlson, Neil R. aFoundations of Physiological Psychology/cNeil R. Carlson bPearson Education,c2019. a576 pages